01717nam a2200229Ia 4500001000600000003000900006008004100015040001300056040001300069041001200082100001500094100002900109245006000138245006000198250001100258260002800269260004900297300004300346500104300389650002401432650003101456E6934IT-RoPAU130308s9999 xx 000 0 und d aIT-RoPAU cIT-RoPAU aPOLACCO aPelc Jerzy gCodice Aut. SPICS: 3720 aWizerunki i Wspomnienia: Materialy do Dziejow Semiotyki bWizerunki I Wspomnienia: Materialy do Dziejow Semiotyki a1a ed. bUniversita' Di Varsavia c1994 [1° Ed.:1994 - Ed.Ling.Originale:1994] a"394 p. (prefazione: no ; testo: 394)" aImmagini e Ricordi: Materiali per una Storia della Semiotica. Ricordi: Dalla Storia dell'Università di Varsavia. Ricordo dei miei Insagnanti di Filosofia. Tadeusz Kotarbinski: Insegnante, Filosofo, 80Ø Anniversario della Sua Nascita, via al Realismo, Introduzione al suo Libro: pensieri su Uomini Esu Questioni di Uomini, Ricordo e saluto Dopo la Sua Morte. Wladislaw Tatarkiewicz: Filosofo e Umanista. Tadeusz Czezowski. Kazimierz Ajdukiewicz: Scienziato e Sua Logica Semiotica. Julian Krzyzanowski. Roman Ingarden. Mieczyslaw Wallis.Jerzy Kurylowicz. Witold Doroszewski. Izydora Dambska. Seweryna Luszczewska Romahnowa. Stefan Zolkiewski. Tadeusz Wojcik e la Sua Prasseosemiotica. Piccoli Frammenti Di: Kazimierz Twardowski, Wladislaw Witwicki, Maria Ossowska, Alfred Tarski, Jerzy Kreczmar, Chaim Perelman, Roman Jakobson, Susanne Langer, Charles Morris, Richard M. Martin, Ferruccio Rossi Landi, Hans Hormann. Discorso D'Introduzione nel Giubileo del 100Ø Anniversariodella Nascita di Tadeusz Kotarbinski e Wladislaw Tatarkiewicz. aSAGGI DI SEMIOLOGIA eCodice materia Spics: 3257